| 000 | 01041nam a2200193 a 4500 | ||
|---|---|---|---|
| 001 | 45887 | ||
| 005 | 20180714025241.0 | ||
| 008 | 140415s1998 xxc 000 0 eng d | ||
| 020 | _a013859810X | ||
| 041 | _aeng | ||
| 082 |
_a658.3 _bWAG |
||
| 100 | 1 | _aWAGNER, JOHN A. -HOLLENBECK, JOHN R. | |
| 245 | 1 | 0 |
_aORGANIZATIONAL BEHAVIOR : _bSECURING COMPETITIVE ADVANTAGE |
| 250 | _a3a ed. | ||
| 260 |
_aCANADA : _bPRENTICE-HALL, INC., _c1998 |
||
| 300 |
_a444 _c19.5 x 2.4 x 24 |
||
| 520 | _aHOY EN DIA EL DESARROLLLO DE LOS NEGOCIOS, LA COMPETENCIA CRESE CUENDO OTRAS ORGANIZACIONES MIRAN U OBSERVAN QUE ES LO QUE HACE TU PROPIA CONPANIA, SOLO LO MEJOR, EL AVANCE ES GANADO CUANDO TU PUEDES HACER ALGO Y TUS COMPETIDORES ENCUENTRAN DIFUCULTAD PARA DUPLICAR, LA COMPETITIVIDAD Y LOS AVANCES ESTAN ASEGURADOS, LOS COMPETIDORES NO PUEDEN DUPLICAR LAS ABILIDADES ESPECIALES DE TODA TU COMPANIA NOSOTROS TENEMOS EVIDENCIAS BASADOS SOBRE SOLIDAS INVESTIGACIONES QUE SON ESPECIALMENTE F | ||
| 650 | 1 | 4 | _aCOMPORTAMIENTO ORGANIZACIONAL |
| 999 |
_c45887 _d45887 |
||